000 00420nam a2200145 4500
999 _c525
_d525
008 191010b ||||| |||| 00| 0 eng d
082 0 0 _a537.12
_bA6698
100 _947
_aArchenhold, W.F.
245 1 0 _aElectromagnetism and Electrostatics Using SI Unit
_c[By] W.F. Archenhold
250 _a1st
260 _aEdinburgh:
_bOliver and Boyd,
_c1969.
300 _ax, 161p.
650 0 _aElectrical Engineering
942 _2ddc
_cBK